000 00537nam a2200181 i 4500
001 bgj
100 1 _aELLIS, Melanie.
245 0 _aObservation :
_ba course for teachers of English /
_cMelanie Ellis.
260 _aWarszawa :
_bCentralny Ośrodek Doskonalenia Nauczycieli,
_c1996.
300 _a58, [4] pp ;
_c21 cm.
650 9 _aEnglish language
_xStudy and teaching
_xObservation
020 _a8385910174
040 _cBPK
041 _aeng
920 _a83-85910-17-4
942 _cKS
008 s uk f |000 0 eng
999 _c48261
_d48261
856 _uhttp://koha.tu.koszalin.pl/cgi-bin/koha/opac-detail.pl?biblionumber=48261
_yKatalog online BPK